<?xml version="1.0" encoding="UTF-8"?>
<record
    xmlns:xsi="http://www.w3.org/2001/XMLSchema-instance"
    xsi:schemaLocation="http://www.loc.gov/MARC21/slim http://www.loc.gov/standards/marcxml/schema/MARC21slim.xsd"
    xmlns="http://www.loc.gov/MARC21/slim">

  <leader>01069nam a2200313 i 4500</leader>
  <controlfield tag="001">000045821</controlfield>
  <controlfield tag="003">DO-SdBNP</controlfield>
  <controlfield tag="005">20241018094257.0</controlfield>
  <controlfield tag="008">241018s1991    dr            000 0 spa d</controlfield>
  <datafield tag="040" ind1=" " ind2=" ">
    <subfield code="a">DO-SdBNP</subfield>
    <subfield code="b">spa</subfield>
    <subfield code="c">BNPHU</subfield>
    <subfield code="e">rda</subfield>
  </datafield>
  <datafield tag="041" ind1=" " ind2=" ">
    <subfield code="h">spa</subfield>
  </datafield>
  <datafield tag="082" ind1=" " ind2=" ">
    <subfield code="b">U588</subfield>
    <subfield code="2">22</subfield>
  </datafield>
  <datafield tag="110" ind1="1" ind2=" ">
    <subfield code="a">Universidad Aut&#xF3;noma de Santo Domingo</subfield>
    <subfield code="9">72951</subfield>
  </datafield>
  <datafield tag="245" ind1="1" ind2="0">
    <subfield code="a">Libro de graduandos :</subfield>
    <subfield code="b">investidura ordinaria 21 de junio de 1991</subfield>
  </datafield>
  <datafield tag="264" ind1=" " ind2=" ">
    <subfield code="a">Santo Domingo :</subfield>
    <subfield code="b">Universitaria-UASD,</subfield>
    <subfield code="c">1991</subfield>
  </datafield>
  <datafield tag="300" ind1=" " ind2=" ">
    <subfield code="a">47 p&#xE1;ginas. ;</subfield>
    <subfield code="c">21 cm.</subfield>
  </datafield>
  <datafield tag="336" ind1=" " ind2=" ">
    <subfield code="a">rdacontent</subfield>
    <subfield code="b">texto</subfield>
    <subfield code="2">txt</subfield>
  </datafield>
  <datafield tag="337" ind1=" " ind2=" ">
    <subfield code="a">rdamedia</subfield>
    <subfield code="b">sin mediaci&#xF3;n</subfield>
    <subfield code="2">n</subfield>
  </datafield>
  <datafield tag="338" ind1=" " ind2=" ">
    <subfield code="a">rdacarrier</subfield>
    <subfield code="b">volumen</subfield>
    <subfield code="2">nc</subfield>
  </datafield>
  <datafield tag="490" ind1="1" ind2=" ">
    <subfield code="a">Publicaciones de la Universidad Aut&#xF3;noma de Santo Domingo</subfield>
    <subfield code="v">655</subfield>
  </datafield>
  <datafield tag="490" ind1="1" ind2=" ">
    <subfield code="a">Actos acad&#xE9;micos</subfield>
    <subfield code="v">3</subfield>
  </datafield>
  <datafield tag="590" ind1=" " ind2=" ">
    <subfield code="a">Inventariado, 2024 / DG</subfield>
  </datafield>
  <datafield tag="650" ind1=" " ind2="4">
    <subfield code="a">TITULOS ACADEMICOS</subfield>
    <subfield code="9">81657</subfield>
  </datafield>
  <datafield tag="650" ind1=" " ind2="4">
    <subfield code="a">Universidad Aut&#xF3;noma de Santo Domingo</subfield>
    <subfield code="9">81917</subfield>
  </datafield>
  <datafield tag="830" ind1=" " ind2="0">
    <subfield code="a">Publicaciones de la Universidad Aut&#xF3;noma de Santo Domingo.</subfield>
    <subfield code="n">655</subfield>
    <subfield code="9">73896</subfield>
  </datafield>
  <datafield tag="830" ind1=" " ind2="0">
    <subfield code="a">Actos acad&#xE9;micos.</subfield>
    <subfield code="n">3</subfield>
    <subfield code="9">73897</subfield>
  </datafield>
  <datafield tag="910" ind1=" " ind2=" ">
    <subfield code="a">DG</subfield>
  </datafield>
  <datafield tag="942" ind1=" " ind2=" ">
    <subfield code="2">ddc</subfield>
    <subfield code="c">LF2</subfield>
  </datafield>
  <datafield tag="952" ind1=" " ind2=" ">
    <subfield code="0">0</subfield>
    <subfield code="1">0</subfield>
    <subfield code="2">ddc</subfield>
    <subfield code="5">1</subfield>
    <subfield code="7">0</subfield>
    <subfield code="8">PD-F</subfield>
    <subfield code="a">BNPHU</subfield>
    <subfield code="b">BNPHU</subfield>
    <subfield code="c">CT</subfield>
    <subfield code="d">2024-10-18</subfield>
    <subfield code="e">donaci&#xF3;n</subfield>
    <subfield code="l">0</subfield>
    <subfield code="o">BNPHU F-PD U588</subfield>
    <subfield code="p">2024-5985</subfield>
    <subfield code="r">2024-10-18</subfield>
    <subfield code="w">2024-10-18</subfield>
    <subfield code="y">LF2</subfield>
  </datafield>
  <datafield tag="999" ind1=" " ind2=" ">
    <subfield code="c">57903</subfield>
    <subfield code="d">57903</subfield>
  </datafield>
</record>
